00369nam a2200145Ia 4500008004100000020001800041041000800059082001600067100001600083245006400099260002000163300000800183365001600191700001600207230718s9999 xx 000 0 und d a9789383260027 aeng a355.12bMAT aMathur K.A. aSoldier And SpicebAn Army Wife's Life Flat - Track Bullies c2013bWestland  a253 cRs.b250.00 aMathur K.A.